• 首页
  • 本馆介绍
  • 公告通知
  • 最新文献
  • 馆藏检索
  • 电子资源
  • 读者导购
  • 参考咨询
  • 我的图书馆
  • 登录
  • 详细信息显示
  • 放入我的书架
  • 预约/预借图书
  • 作者相关作品
  • 分类相关作品
  • 丛书相关作品
  • 出版社相关作品

书目信息

  • 表格格式
  • 工作单格式
  • 卡片格式
题名:
建筑与都市
    
 
作者: 马卫东 主编 ;建筑与都市 编
分册: No.009(2006年6月)   混凝土建筑
出版信息: 宁波   宁波出版社  2006
页数: 142页
开本: 29cm
丛书名:
单 册:
中图分类: TU370.4-64 , TU206
科图分类:
主题词: 混凝土结构--建筑设计--世界--图集 , 混凝土结构 , 建筑设计--世界--图集 , 建筑设计
电子资源:
ISBN: 7-80602-994-X
000 01227nam0 2200301 450
001 003230259
005 20070805094434.15
010    @a7-80602-994-X@dCNY98.00
100    @a20060104d2006 em y0chiy0110 ea
101 0  @achi@aeng
102    @aCN@b330000
105    @aa z 000yd
200 1  @a建筑与都市@9jian zhu yu du shi@e中文版@e[中英文本]@hNo.009(2006年6月)@i混凝土建筑@dArchitecture and urbanism@eChinese edition@h2006:06 No.009@iConcrete architecture@f马卫东中文版主编@g《建筑与都市》中文版编辑部编@zeng
210    @a宁波@c宁波出版社@d2006
215    @a142页@c图@d29cm
305    @a由文筑国际授权出版
330    @a《建筑与都市》是由日本建筑与都市杂志社于1960年创刊的杂志,主要介绍世界优秀建筑和建筑家,报道世界建筑的最新动态。本期为混凝土建筑专辑。
510 1  @aArchitecture and urbanism@eChinese edition@h2006:06 No.009@iConcrete architecture@zeng
606 0  @a混凝土结构@x建筑设计@y世界@j图集
606 0  @a混凝土结构
606 0  @a建筑设计@y世界@j图集
606 0  @a建筑设计
690    @aTU370.4-64@v4
690    @aTU206@v4
701  0 @a马卫东@9ma wei dong@c(建筑设计)@4主编
712 02 @a建筑与都市@9jian zhu yu du shi@b中文版编辑部@4编
801  0 @aCN@bNLC@c20070805
905    @a10447@dTU206@e400
    
    建筑与都市:中文版:[中英文本].No.009(2006年6月).混凝土建筑=Architecture and urbanism:Chinese edition.2006:06 No.009.Concrete architecture/马卫东中文版主编/《建筑与都市》中文版编辑部编.-宁波:宁波出版社,2006
    142页:图;29cm
    
    
    ISBN 7-80602-994-X:CNY98.00
    《建筑与都市》是由日本建筑与都市杂志社于1960年创刊的杂志,主要介绍世界优秀建筑和建筑家,报道世界建筑的最新动态。本期为混凝土建筑专辑。
●
相关链接 在E读中查询图书 在五车中查询图书 在当当中查询图书 在豆瓣中查询图书


正题名:建筑与都市     索取号:TU206/400         预约/预借

序号 登录号 条形码 馆藏地/架位号 状态 备注
1 0807304   208073047   第二样本阅览室/ [索取号:TU206/400] 在馆    
2 0807305   208073056   第三借阅区/ [索取号:TU206/400] 在馆    
3 0807306   208073065   第三借阅区/ [索取号:TU206/400] 在馆    
4 0807307   208073074   第三借阅区/ [索取号:TU206/400] 在馆    
5 0807308   208073083   第三借阅区/ [索取号:TU206/400] 在馆    
6 0807309   208073092   第三借阅区/ [索取号:TU206/400] 在馆    
唐山师范学院图书馆 欢迎您!
大连网信软件有限公司© 版权所有